[Event "Gothenburg Kvibergspelen 09"]
[Site "Gothenburg"]
[Date "2019.09.27"]
[Round "4"]
[White "Torngren, Gustav"]
[Black "Bergmanolson, Michael"]
[Result "1/2-1/2"]
[WhiteElo "2227"]
[BlackElo "2050"]
[PlyCount "161"]
[EventDate "2019.09.27"]
[EventType "swiss"]
[EventRounds "8"]
[EventCountry "SWE"]
[SourceTitle "EXT 2020"]
[Source "ChessBase"]
[SourceDate "2019.10.17"]
[SourceVersion "1"]
[SourceVersionDate "2019.10.17"]
[SourceQuality "1"]

1. c4 e5 2. g3 Nc6 3. Bg2 Nf6 4. Nf3 Bc5 5. 0-0 d6 6. Nc3 0-0 7. a3 a6 8. b4 Ba7 9. d3 h6 10. Be3 Nd4 11. Nd5 c6 12. Nxf6+ Qxf6 13. Nxd4 Bxd4 14. Bxd4 exd4 15. Qd2 Re8 16. Rfe1 Bg4 17. Rab1 Re7 18. h3 Bd7 19. a4 Ree8 20. Rb2 Qe5 21. Reb1 Qh5 22. Kh2 Qe5 23. Qd1 h5 24. Bf3 h4 25. Qg1 hxg3+ 26. Qxg3 Qxg3+ 27. fxg3 g6 28. h4 Kg7 29. Kg2 Re7 30. Kf2 Ree8 31. Ra2 Kf6 32. Rba1 g5 33. hxg5+ Kxg5 34. Rh1 Rh8 35. Raa1 Kf6 36. Kg2 Ke7 37. Kf2 Kf6 38. Raf1 Ke7 39. Re1 Kf6 40. Ref1 Ke7 41. a5 Rab8 42. Ra1 Kf6 43. Be4 Kg7 44. Kf3 f5 45. b5 fxe4+ 46. Kxe4 cxb5 47. Kxd4 Bc6 48. Rhf1 bxc4 49. Kxc4 Rbf8 50. Rf4 Rxf4+ 51. gxf4 Kf6 52. e4 Rh4 53. Rf1 Rh2 54. Kd4 Ra2 55. e5+ dxe5+ 56. fxe5+ Ke7 57. Kc3 Rxa5 58. d4 Rd5 59. Rg1 a5 60. Rg7+ Ke8 61. Rg8+ Ke7 62. Rg7+ Ke8 63. Rg8+ Kf7 64. Rc8 a4 65. Rb8 Ke6 66. Rh8 a3 67. Ra8 Rb5 68. Rxa3 Rb1 69. Ra8 Rh1 70. Rg8 Rc1+ 71. Kb4 Rb1+ 72. Kc5 Rc1+ 73. Kb6 Rb1+ 74. Kc7 Rd1 75. Rg6+ Ke7 76. Rd6 Bf3 77. Rd7+ Ke8 78. Rd8+ Ke7 79. Rd7+ Ke6 80. Rd6+ Ke7 81. Rd7+ 1/2-1/2

[Event "Norrkoeping Easter op"]
[Site "Norrkoeping"]
[Date "2018.04.01"]
[Round "7"]
[White "Renman, Nils Gustaf"]
[Black "Bergmanolson, Michael"]
[Result "1-0"]
[WhiteElo "2346"]
[BlackElo "2124"]
[PlyCount "83"]
[EventDate "2018.03.30"]
[EventType "swiss"]
[EventRounds "9"]
[EventCountry "SWE"]
[SourceTitle "CBM 183 Extra"]
[Source "ChessBase"]
[SourceDate "2018.04.19"]
[SourceVersion "1"]
[SourceVersionDate "2018.04.19"]
[SourceQuality "1"]

1. d4 Nf6 2. Nf3 g6 3. c4 Bg7 4. Nc3 d5 5. Qb3 dxc4 6. Qxc4 a6 7. Bf4 b5 8. Qxc7 Qxc7 9. Bxc7 Nbd7 10. e3 Bb7 11. Ba5 0-0 12. Be2 Rac8 13. 0-0 Nd5 14. Rfc1 f5 15. Ng5 Bh6 16. Ne6 Nxc3 17. Rxc3 Rxc3 18. Nxf8 Rxe3 19. fxe3 Bxe3+ 20. Kf1 Kxf8 21. Rd1 Bd5 22. b3 Kf7 23. Bd2 Bxd4 24. Bf4 e5 25. Bxe5 Bxe5 26. Rxd5 Ke6 27. Rd3 Bxh2 28. Rh3 Be5 29. Rxh7 g5 30. Bd3 Nc5 31. Ke2 f4 32. b4 Na4 33. Ra7 g4 34. Rxa6+ Kd5 35. Bxb5 Nc3+ 36. Kd3 Nxb5 37. Ra5 Kc6 38. a4 f3 39. gxf3 gxf3 40. Rxb5 f2 41. Ke2 Bd4 42. Rf5 1-0